| 000 | 00651nam a22001817a 4500 | ||
|---|---|---|---|
| 008 | 100622t xxu||||| |||| 00| 0 eng d | ||
| 020 | _a9770221430 | ||
| 082 |
_222 _a070.92 _bك ا م |
||
| 100 |
_915036 _aكامل، نجوى |
||
| 245 |
_aمحمود عزمى: _bرائد الصحافة المصرية / _cنجوى كامل |
||
| 260 |
_aالقاهرة: _bدار المعارف ، [1987]. _c[1987]. |
||
| 300 |
_a157ص ؛ _c20سم. |
||
| 490 |
_915043 _aاقرأ _v533. |
||
| 500 | _aإهداء : علاء عبد الغنى | ||
| 600 |
_915163 _aعزمي، محمود _d1889-1954 |
||
| 650 |
_915162 _aالصحف المصرية |
||
| 942 |
_2ddc _cBB |
||
| 999 |
_c14158 _d14158 |
||